Państwa we słowie Stewart na Mapie Świata - Statystyki

Ogólne statystyki
  • Ten quiz został rozwiązany 24 razy
  • Średni wynik to 58 z 64
Odpowiedzi na mapie
Odpowiedzi zakodowano w zielono-czerwonej skali na mapie do tego quizu, zgodnie z poniższymi procentami.
 
Statystyki odpowiedzi
Kraje % Poprawnych
Brazylia
100%
Peru
100%
Chiny
95%
Ekwador
95%
Japonia
95%
Kolumbia
95%
Mongolia
95%
Rosja
95%
Wenezuela
95%
Afganistan
90%
Albania
90%
Algieria
90%
Arabia Saudyjska
90%
Bangladesz
90%
Benin
90%
Bhutan
90%
Boliwia
90%
Burkina Faso
90%
Chile
90%
Cypr
90%
Czad
90%
Egipt
90%
Ghana
90%
Grecja
90%
Gujana
90%
Gwinea
90%
Hiszpania
90%
Indie
90%
Iran
90%
Izrael
90%
Jordania
90%
Katar
90%
Kazachstan
90%
Liban
90%
Liberia
90%
Libia
90%
Mali
90%
Malta
90%
Maroko
90%
Mauretania
90%
Nepal
90%
Niger
90%
Pakistan
90%
Senegal
90%
Sierra Leone
90%
Sudan
90%
Syria
90%
Tadżykistan
90%
Tunezja
90%
Turcja
90%
Turkmenistan
90%
Uzbekistan
90%
Włochy
90%
Wybrzeże Kości Słoniowej
90%
Zjednoczone Emiraty Arabskie
90%
Irak
86%
Kirgistan
86%
Republika Zielonego Przylądka
86%
Togo
86%
Trynidad i Tobago
86%
Paragwaj
81%
Bahrajn
76%
Nigeria
76%
Kuwejt
62%
Nie znaleziono quizów pasujących do podanych kryteriów
Rozkład punktacji
Procent ludzi z każdym wynikiem
Percentyl według liczby udzielonych odpowiedzi
Twoja historia wyników
Nie rozwiązałeś tego quizu